Febbre Romana

محفوظ في:
التفاصيل البيبلوغرافية
المؤلف الرئيسي: Edith Wharton
التنسيق: كتاب
اللغة:لغة غير معروفة
منشور في: La Tartaruga Edizioni
الوسوم: إضافة وسم
لا توجد وسوم, كن أول من يضع وسما على هذه التسجيلة!

MARC

LEADER 00000nam a2200000Ia 4500
001 R-2074
003 CODICE-MESSINA
005 20260212102526.0
008 260211s9999 xx 000 0 und d
040 |c importazione_messina 
100 |a Edith Wharton 
245 0 |a Febbre Romana 
260 |b La Tartaruga Edizioni 
942 |2 ddc  |c BK 
952 |0 0  |1 0  |2 ddc  |4 0  |6 SCAFFALE_15_000000000000000__STANZA_3__LETTERATIRA  |7 0  |9 32915  |a ME  |b ME  |d 2026-02-11  |l 0  |o SCAFFALE 15 - STANZA 3 - LETTERATIRA  |p R-2074  |r 2026-02-11 23:53:28  |w 2026-02-11  |x [REVISIONARE]  |y BK 
999 |c 28582  |d 28582